<?xml version="1.0" encoding="UTF-8"?>
<record
    xmlns:xsi="http://www.w3.org/2001/XMLSchema-instance"
    xsi:schemaLocation="http://www.loc.gov/MARC21/slim http://www.loc.gov/standards/marcxml/schema/MARC21slim.xsd"
    xmlns="http://www.loc.gov/MARC21/slim">

  <leader>00736nam a22001337a 4500</leader>
  <datafield tag="040" ind1=" " ind2=" ">
    <subfield code="c">RUA</subfield>
  </datafield>
  <datafield tag="082" ind1=" " ind2=" ">
    <subfield code="a">RUB LAN 2018 B662 Or.1</subfield>
  </datafield>
  <datafield tag="100" ind1=" " ind2=" ">
    <subfield code="a">LANN SOKHET &#x17A1;&#x17B6;&#x1793;&#x17CB; &#x179F;&#x17BB;&#x1781;&#x1781;&#x17C1;&#x178F;&#x200B;</subfield>
  </datafield>
  <datafield tag="245" ind1=" " ind2=" ">
    <subfield code="a">growth and yield comp arison of 08 rubber clones in trial ir.aa.07 at camodian rubber research intitute  &#x1794;&#x17D2;&#x179A;&#x17C0;&#x1794;&#x1792;&#x17C0;&#x1794;&#x1780;&#x17B6;&#x179A;&#x179B;&#x17BC;&#x178F;&#x179B;&#x17B6;&#x179F;&#x17CB; &#x1793;&#x17B7;&#x1784;&#x1791;&#x17B7;&#x1793;&#x17D2;&#x1793;&#x1795;&#x179B;&#x1793;&#x17C3;&#x1780;&#x17D2;&#x179B;&#x17BC;&#x1793;&#x1780;&#x17C5;&#x179F;&#x17CA;&#x17BC;&#x1785;&#x17C6;&#x1793;&#x17BD;&#x1793; &#x17E0;&#x17E8; &#x1780;&#x17D2;&#x1793;&#x1784;&#x17A1;&#x17BC;&#x178F;&#x17CD;&#x1796;&#x17B7;&#x179F;&#x17C4;&#x1792;&#x1793;&#x17CD;&#x1780;&#x17D2;&#x179B;&#x17BC;&#x1793; ir.aa.07&#x1793;&#x17C5;&#x179C;&#x1791;&#x17D2;&#x1799;&#x17B6;&#x179F;&#x17D2;&#x1790;&#x17B6;&#x1793;&#x179F;&#x17D2;&#x179A;&#x17B6;&#x179C;&#x1787;&#x17D2;&#x179A;&#x17B6;&#x179C;&#x1780;&#x17C5;&#x179F;&#x17CA;&#x17BC;&#x178F;&#x1780;&#x1798;&#x17D2;&#x1796;&#x17BB;&#x1787;&#x17B6;&#x200B;</subfield>
  </datafield>
  <datafield tag="260" ind1=" " ind2=" ">
    <subfield code="a">rua</subfield>
    <subfield code="b">phnom penh</subfield>
  </datafield>
  <datafield tag="300" ind1=" " ind2=" ">
    <subfield code="a">xiii,72</subfield>
    <subfield code="b">ill,</subfield>
    <subfield code="c">29cm</subfield>
  </datafield>
  <datafield tag="856" ind1=" " ind2=" ">
    <subfield code="u">LANN SOKHET</subfield>
  </datafield>
  <datafield tag="942" ind1=" " ind2=" ">
    <subfield code="c">RUB</subfield>
  </datafield>
  <datafield tag="999" ind1=" " ind2=" ">
    <subfield code="c">19112</subfield>
    <subfield code="d">19112</subfield>
  </datafield>
  <datafield tag="952" ind1=" " ind2=" ">
    <subfield code="0">0</subfield>
    <subfield code="1">0</subfield>
    <subfield code="2">ddc</subfield>
    <subfield code="4">0</subfield>
    <subfield code="6">RUB_LAN_2018_000000000000000_B662_OR_1</subfield>
    <subfield code="7">0</subfield>
    <subfield code="9">83920</subfield>
    <subfield code="a">LBB</subfield>
    <subfield code="b">LBB</subfield>
    <subfield code="c">B662</subfield>
    <subfield code="d">2020-03-11</subfield>
    <subfield code="o">RUB LAN 2018 B662 Or.1</subfield>
    <subfield code="p">A063765</subfield>
    <subfield code="r">2020-03-11</subfield>
    <subfield code="w">2020-03-11</subfield>
    <subfield code="y">RUB</subfield>
  </datafield>
  <datafield tag="952" ind1=" " ind2=" ">
    <subfield code="0">0</subfield>
    <subfield code="1">0</subfield>
    <subfield code="2">ddc</subfield>
    <subfield code="4">0</subfield>
    <subfield code="6">RUB_LAN_2018_000000000000000_B662_OR_2</subfield>
    <subfield code="7">0</subfield>
    <subfield code="9">83921</subfield>
    <subfield code="a">LBB</subfield>
    <subfield code="b">LBB</subfield>
    <subfield code="c">B662</subfield>
    <subfield code="d">2020-03-11</subfield>
    <subfield code="o">RUB LAN 2018 B662 Or.2</subfield>
    <subfield code="p">A063725</subfield>
    <subfield code="r">2020-03-11</subfield>
    <subfield code="w">2020-03-11</subfield>
    <subfield code="y">RUB</subfield>
  </datafield>
  <datafield tag="952" ind1=" " ind2=" ">
    <subfield code="0">0</subfield>
    <subfield code="1">0</subfield>
    <subfield code="2">ddc</subfield>
    <subfield code="4">0</subfield>
    <subfield code="6">RUB_LAN_2018_000000000000000_B662_OR_3</subfield>
    <subfield code="7">0</subfield>
    <subfield code="9">83922</subfield>
    <subfield code="a">LBB</subfield>
    <subfield code="b">LBB</subfield>
    <subfield code="c">B662</subfield>
    <subfield code="d">2020-03-11</subfield>
    <subfield code="o">RUB LAN 2018 B662 Or.3</subfield>
    <subfield code="p">A063849</subfield>
    <subfield code="r">2020-03-11</subfield>
    <subfield code="w">2020-03-11</subfield>
    <subfield code="y">RUB</subfield>
  </datafield>
  <datafield tag="952" ind1=" " ind2=" ">
    <subfield code="0">0</subfield>
    <subfield code="1">0</subfield>
    <subfield code="2">ddc</subfield>
    <subfield code="4">0</subfield>
    <subfield code="6">RUB_LAN_2018_000000000000000_B662_OR_4</subfield>
    <subfield code="7">0</subfield>
    <subfield code="9">83923</subfield>
    <subfield code="a">LBB</subfield>
    <subfield code="b">LBB</subfield>
    <subfield code="c">B662</subfield>
    <subfield code="d">2020-03-11</subfield>
    <subfield code="o">RUB LAN 2018 B662 Or.4</subfield>
    <subfield code="p">A063909</subfield>
    <subfield code="r">2020-03-11</subfield>
    <subfield code="w">2020-03-11</subfield>
    <subfield code="y">RUB</subfield>
  </datafield>
  <datafield tag="952" ind1=" " ind2=" ">
    <subfield code="0">0</subfield>
    <subfield code="1">0</subfield>
    <subfield code="2">ddc</subfield>
    <subfield code="4">0</subfield>
    <subfield code="6">RUB_LAN_2018_000000000000000_B662_OR_5</subfield>
    <subfield code="7">0</subfield>
    <subfield code="9">83924</subfield>
    <subfield code="a">LBB</subfield>
    <subfield code="b">LBB</subfield>
    <subfield code="c">B662</subfield>
    <subfield code="d">2020-03-11</subfield>
    <subfield code="o">RUB LAN 2018 B662 Or.5</subfield>
    <subfield code="p">A063829</subfield>
    <subfield code="r">2020-03-11</subfield>
    <subfield code="w">2020-03-11</subfield>
    <subfield code="y">RUB</subfield>
  </datafield>
  <datafield tag="952" ind1=" " ind2=" ">
    <subfield code="0">0</subfield>
    <subfield code="1">0</subfield>
    <subfield code="2">ddc</subfield>
    <subfield code="4">0</subfield>
    <subfield code="6">RUB_LAN_2018_000000000000000_B662_OR_6</subfield>
    <subfield code="7">0</subfield>
    <subfield code="9">83925</subfield>
    <subfield code="a">LBB</subfield>
    <subfield code="b">LBB</subfield>
    <subfield code="c">B662</subfield>
    <subfield code="d">2020-03-11</subfield>
    <subfield code="o">RUB LAN 2018 B662 Or.6</subfield>
    <subfield code="p">063635</subfield>
    <subfield code="r">2020-03-11</subfield>
    <subfield code="w">2020-03-11</subfield>
    <subfield code="y">RUB</subfield>
  </datafield>
</record>
